000 00740nam a2200217Ia 4500
001 9359
003 GE_BSU
008 181216s||||||||xx |||||||||||||| ||und||
040 _cGE_BSU
080 _a821.353.1–1+821.221.18-1
245 _aმარადი ფესვები
245 _bლექსები
245 _cშემდგ.მერი ცხოვრებოვა.რედ.რ.სირაძე.მხატვ.ა.სამაშვილი
260 _aთბილისი
260 _bსაბჭოთა საქართველო
260 _c1983
300 _a277გვ.16სმ.
653 _aლექსები
653 _aმარადი ფესვები
942 _cBK
999 _c42655
_d42655